Zoologie appliquée en france et aux colonies / (Record no. 118090)

MARC details
000 -LEADER
campo de control de longitud fija 00508nam a2200169 4500
001 - NÚMERO DE CONTROL
campo de control 118090
003 - IDENTIFICADOR DE NÚMERO DE CONTROL
campo de control ES-MaACL
005 - FECHA Y HORA DE LA ÚLTIMA TRANSACCIÓN
campo de control 20230906191028.0
007 - CAMPO FIJO DE DESCRIPCIÓN FÍSICA--INFORMACIÓN GENERAL
campo de control de longitud fija t|
008 - DATOS DE LONGITUD FIJA--INFORMACIÓN GENERAL
campo de control de longitud fija 070214s1907 fr r ||||1| fre d
100 1# - ENTRADA PRINCIPAL--NOMBRE DE PERSONA
Nombre de persona Pellegrin, Jacques.
9 (RLIN) 90058
245 10 - MENCIÓN DEL TÍTULO
Título Zoologie appliquée en france et aux colonies /
Mención de responsabilidad, etc. par Jacques Pellegrin et Víctor Cayla.
260 ## - PUBLICACIÓN, DISTRIBUCIÓN, ETC.
Lugar de publicación, distribución, etc. Paris :
Nombre del editor, distribuidor, etc. Dunod, etc.,
Fecha de publicación, distribución, etc. 1907.
300 ## - DESCRIPCIÓN FÍSICA
Extensión XII, 644 p. :
Otras características físicas il ;
Dimensiones 19 cm.
700 1# - ENTRADA AGREGADA--NOMBRE PERSONAL
Nombre de persona Cayla, Víctor.
9 (RLIN) 37208
852 ## - LOCALIZACIÓN
Ubicación ES-MaACL
Número de control de estantería F-2049
Holdings
Estatus retirado Estado de pérdida Estado de daño No para préstamo Biblioteca de origen Biblioteca actual Ubicación en estantería Fecha de adquisición Fuente de adquisición Total de préstamos Signatura topográfica completa Código de barras Visto por última vez Precio de reemplazo Tipo de ítem Koha
        Biblioteca del Ateneo de Madrid Biblioteca del Ateneo de Madrid Depósito 2 17/01/2008     F-2049 1123110 23/02/2023 23/02/2023 Libro impreso